| 000 | 01205nam a22003137a 4500 | ||
|---|---|---|---|
| 999 |
_c21453 _d21453 |
||
| 003 | AR-CdUCM | ||
| 008 | 190220b ||||| |||| 00| 0 spa d | ||
| 020 | _a9789972514920 | ||
| 040 |
_aMUNICIPALIDAD PROVINCIAL DEL CUSCO _cBIBLIOTECA MUNICIPAL DEL CUSCO |
||
| 082 |
_a323.4/D45 _bD45 |
||
| 100 |
_aDegregori, Carlos Iván _947 |
||
| 245 |
_aHeridas abiertas, derechos esquivos : _bDerechos humanos, memoria y Comisión de la Verdad y Reconciliación / _cCarlos Iván Degregori |
||
| 260 |
_aLima : _bInstituto de Estudios Peruanos, IEP, _c2014. |
||
| 300 |
_a314 páginas. : _bdiagrs., mapa col. ; _c24 cm. |
||
| 440 |
_aSerie Ideología y Política, _n43. _944825 |
||
| 500 | _zBibliografía: p. [307]-314. | ||
| 650 |
_aComisión de la Verdad y Reconciliación (Perú) _944826 |
||
| 650 |
_aSendero Luminoso (Grupo guerrillero) _944812 |
||
| 650 |
_aDefensa de los derechos humanos _944827 |
||
| 650 |
_aViolencia política _97220 |
||
| 650 |
_aMemoria _91763 |
||
| 650 |
_aMovimientos sociales _91450 |
||
| 650 |
_aEnsayos _944828 |
||
| 650 |
_aConferencias _9376 |
||
| 650 |
_aPerú _944829 |
||
| 710 |
_aInstituto de Estudios Peruanos (Lima) _99759 |
||
| 942 |
_2ddc _cLIBROS |
||
| 945 | _aRoel | ||